05242cam a22017054i 4500003000900000005001700009008004100026020001800067035002000085040003300105082002200138100003700160245006000197250002300257264003800280300005500318336002100373337002500394338002300419504004000442505191500482526000902397526000902406526001002415526001002425526001002435526001002445526001002455526001002465526001002475526001002485526001002495526001002505526001002515526001002525526001002535526001002545526001002555526001002565526001002575526001002585526001002595526001002605526001002615526001002625526001002635526001002645526001002655526001002665526001002675526001002685526001002695526001002705526001002715526001002725526001002735526001002745526001002755526001002765526001002775526001002785526001002795526001002805526001002815526001002825526001002835526001002845526001002855526000902865526000902874526000902883526000902892526000902901526000902910526000902919526000902928526000902937526000902946526000902955526000902964526000902973526000902982526000902991526000903000526000903009526000903018526000903027526000903036526000903045526000903054526000903063526000903072526000903081526000903090526000903099526000903108526000903117526000903126526000903135526000903144526001003153526000903163526000903172526000903181526000903190526000903199526000903208526000903217526000803226526000803234526000803242526000803250526000803258526000803266526000803274526000803282526000803290526000803298526000803306526000803314526000803322526000803330526000903338526000803347526000803355526000803363526000803371526000803379526000903387526000803396526000803404526000803412526000803420526000803428526000903436526000803445526000803453526000903461526000803470526000803478526000803486526000803494650002003502650001403522PE-LiUPU20250813165457.0171030s2013    ck a    rb    000 0 spa d  a9789587710007  a(Sirsi) a239930  aPE-LiUPUbspacPE-LiUPUerda04223a690.22bH493r1 aHenao Robledo, Fernando,eautor.10aRiesgos en la construcción /cFernando Henao Robledo.  aTercera edición. 1aBogotá :beco ediciones,c2013.  a163 páginas :bilustraciones ;c24 centímetros  atext2rdacontent  aunmediated2rdamedia  avolume2rdacarrier  aBibliografía : páginas 159-163.0 aAspectos legales de la seguridad y salud en el trabajo aplicables a la construcción en Colombia -- Riesgos asociados a los procesos constructivos típicos de obra -- Fases o etapas de la construcción -- Principales riesgos en las diferentes etapas de la construcción -- Construcción de edificios -- Construcción de carreteras -- Trabajo en altura -- Trabajo en espacios confinados --Orden y aseo --  -- Manejo de equipos y herramientas -- Trabajo con grúas -- Montaje de estructuras de acero -- Trabajo con equipo pesado -- Máquinas para el movimiento de tierra -- Recomendaciones específicas para diferentes tipos de maquinaria pesada -- Herramientas manuales -- Herramientas manuales mecanizadas -- Herramientas eléctricas -- Herramientas a gas -- Herramientas neumáticas -- Andamios -- Escaleras -- Soldadura y corte -- Manejo y almacenamiento de materiales -- Almacenamiento de madera -- Almacenamiento de materiales en sacos -- Almacenamiento de ladrillos y baldosas -- Almacenamiento de acero para reforzar -- Almacenamiento de tubería -- Almacenamiento en silos y tolvas -- almacenamiento de de cemento a granel -- Almacenamiento de explosivos -- Bodegas de combustible -- Equipos de extinción de incendio -- Almacenamiento y manejo de líquidos inflamables -- Almacenamiento y manejo de gases inflamables -- Abastecimiento de combustible -- Uso y manejo de solventes de petróleo -- Trabajos con pinturas -- Manipulación de cargas -- Técnicas para identificación y evaluación de riesgos laborales -- Definiciones -- Higiene industrial -- Seguridad industrial -- Clasificación general de factores de riesgo -- Sistema de gestión de la seguridad y Salud en el trabajo, SG-SST -- El sistema de gestión en la empresa -- Fases del sistema de gestión -- Gestión del riesgo -- Variables de seguridad y salud en el trabajo -- Modelo del control total de pérdidas.  aP203  aP200  aSEG65  aSEG64  aSEG63  aSEG62  aSEG61  aSEG60  aSEG59  aSEG58  aSEG57  aSEG56  aSEG55  aSEG54  aSEG53  aSEG52  aSEG51  aSEG50  aSEG49  aSEG48  aSEG47  aSEG46  aSEG24  aSEG23  aSEG22  aSEG21  aSEG20  aSEG19  aSEG18  aSEG17  aSEG16  aSEG14  aSEG13  aSEG12  aSEG11  aSEG10  aSEG09  aSEG06  aSEG05  aSEG04  aSEG03  aSEG02  aSEG68  aSEG66  aSEG45  aSEG25  aSEG01  aP163  aP162  aP161  aP160  aP159  aP158  aP157  aP156  aP155  aP154  aP153  aP152  aP151  aP150  aP149  aP142  aP141  aP140  aP139  aP138  aP137  aP132  aP131  aP130  aP126  aP125  aP124  aP123  aP115  aP122  aP121  aP116  a P114  aP112  aP111  aP104  aP103  aP102  aP101  aP100  aP96  aP95  aP93  aP92  aP91  aP88  aP83  aP82  aP79  aP78  aP75  aP74  aP71  aP69  a P51  aP49  aP48  aP47  aP33  aP31  a P30  aP29  aP27  aP26  aP25  aP24  a P22  aP10  aP09  a P08  aP06  aP05  aP04  aP0104aConstrucción.04aBuilding.